| 000 | 00646nam a22001937a 4500 | ||
|---|---|---|---|
| 005 | 20171204104801.0 | ||
| 010 | _aUR-9958 | ||
| 020 | _c108.00 | ||
| 035 | _aU-8513 | ||
| 037 | _bDBAD/PUB | ||
| 100 | _aعبدا لمتیں جا می | ||
| 245 |
_aپر ا نے کپڑ و ں کا سو د ا گر _cعبدا لمتیں جا می |
||
| 246 |
_bPurane Kapron ka Sodagar _aby Abdul Mateen Jami |
||
| 260 |
_aDelhi _bEducational Pub. House _c2006 |
||
| 270 |
_a3191,Vakil Street,Kucha Pandit,Lal Kuan, _bDelhi _e110006 _k23216162 _l- |
||
| 300 |
_a160ص _c22 Cm.(B.b) |
||
| 500 | _aدو حصہ | ||
| 942 |
_2ddc _cUR _hک _mج ا م |
||
| 999 |
_c147815 _d147815 |
||